Statistics for Countries In Their Own Language

Click here to take the quiz!

General Stats

  • This quiz has been taken 38 times
  • The average score is 9 of 11

Answer Stats

HintAnswer% Correct
BelgiqueBelgium
100%
OsterreichAustria
95%
SuomiFinland
92%
HellasGreece
92%
MagyarorszagHungary
92%
HrvatskaCroatia
89%
NipponJapan
86%
EireIreland
84%
LietuvaLithuania
78%
Crna GoraMontenegro
49%
MisrEgypt
43%

Score Distribution

Percentile by Number Answered

Percent of People with Each Score

Your Score History

You have not taken this quiz